000 00363nam a2200133Ia 4500
003 GCL
008 140319s9999 xx 000 0 ara d
040 _aGCL /
_cGCL
082 0 4 _a658.409
_bم ا
100 1 _aمحمد غازى صابر
245 1 0 _aالاساليب الكمية فى الادارة /
_cمحمد غازى صابر
300 _a159 ص
490 _a
999 _c37791
_d37791